Ceremonia /
Збережено в:
| Автор: | |
|---|---|
| Формат: | Книга |
| Мова: | Іспанська |
| Опубліковано: |
Guadalajara, México :
Paraíso Perdido,
2017, c2017
|
| Предмети: | |
| Теги: |
Немає тегів, Будьте першим, хто поставить тег для цього запису!
|
MARC
| LEADER | 00000nam^a2200000^a^4500 | ||
|---|---|---|---|
| 001 | 000399740 | ||
| 005 | 20250521000000.0 | ||
| 009 | 20260310121601.145 | ||
| 020 | |a 978-607-8512-18-8 | ||
| 037 | |a Acervo ITESO - Biblioteca | ||
| 041 | |a ESP | ||
| 082 | |a 863. |b ESP | ||
| 100 | |a Espartaco, Daniel |e (autor) | ||
| 245 | 1 | 0 | |a Ceremonia / |c D. Espartaco. |
| 264 | 4 | |a Guadalajara, México : |b Paraíso Perdido, |c 2017, c2017 | |
| 300 | |a 77 p. | ||
| 336 | |a texto |b txt |2 rdacontenido | ||
| 337 | |a sin mediación |b n |2 rdamedio | ||
| 338 | |a volumen |b nc |2 rdasoporte | ||
| 521 | |a FIL 2017 EEnlace Centro de Promoción Cultural | ||
| 545 | 0 | |a Daniel Espartaco Sánchez (ciudad de Chihuahua, 1977) es un autor con gran sentido del humor que retrata la realidad para reírse y burlarse de la grandeza y de la miseria de la vida, sea del narcotráfico o de las pretensiones de los escritores mexicanos. Sus temas centrales son la infancia, la nostalgia y la vida en el norte del país. Entre sus obras destacan el libro de cuentos Cosmonautas; la novela Autos usados y la noveleta Bisontes. Entre otros, ha sido galardonado con los premios Nacional de Literatura Gilberto Owen (2005) y Nacional de Cuento Agustín Yáñez (2009). | |
| 649 | |a XX | ||
| 650 | |a Escritores en la Literatura | ||
| 650 | |a Novela Mexicana | ||
| 650 | |a Literatura Mexicana - |y Siglo XXI | ||
| 650 | |a Literatura en la Literatura | ||
| 650 | |a Cine en la Literatura | ||
| 650 | |a Literatura y Cine - |z México | ||
| 910 | |a Fondo General | ||
| 920 | |a Impresos - Libros | ||
| 930 | |a Colección General | ||
| 940 | |a Literatura | ||
| 905 | |a 101 | ||
| 901 | |a 0500295036 |b IT1 |c LIT |i c158198 |u 20250521 | ||
| 902 | |a https://opac.biblio.iteso.mx/vufind/Record/000399740 | ||